De la informática / (Record no. 13423)
[ view plain ]
| 000 -CABECERA | |
|---|---|
| campo de control de longitud fija | 00551nam a2200181 a 4500 |
| 005 - FECHA Y HORA DE LA ÚLTIMA TRANSACCIÓN | |
| campo de control | 20220810101038.0 |
| 008 - ELEMENTOS DE LONGITUD FIJA--INFORMACIÓN GENERAL | |
| campo de control de longitud fija | 991125s1975 mx 000 0 spa u |
| 035 ## - NÚMERO DE CONTROL DEL SISTEMA | |
| Número de control de sistema | UPN01000013423 |
| 049 ## - COLECCIÓN | |
| Colección | CE |
| 050 #4 - SIGNATURA TOPOGRÁFICA DE LA BIBLIOTECA DEL CONGRESO | |
| Número de clasificación | Z674.4 |
| Número de documento/Ítem | P4.3 |
| 100 1# - ASIENTO PRINCIPAL--NOMBRE PERSONAL | |
| Nombre de persona | Perales Ojeda, Alicia |
| 245 10 - MENCIÓN DE TÍTULO | |
| Título | De la informática / |
| Mención de responsabilidad, etc. | Alicia Perales Ojeda. |
| 260 ## - PUBLICACIÓN, DISTRIBUCIÓN, ETC. | |
| Lugar de publicación, distribución, etc. | México : |
| Nombre del editor, distribuidor, etc. | UNAM, Dirección General de Publicaciones, |
| Fecha de publicación, distribución, etc. | 1975. |
| 300 ## - DESCRIPCIÓN FÍSICA | |
| Extensión | 336 p., [4] h. pleg. : |
| Otras características físicas | il. |
| 650 #4 - ASIENTO SECUNDARIO DE MATERIA - TERMINO TEMATICO | |
| Término de materia o nombre geográfico como elemento de entrada | CENTROS DE DOCUMENTACION |
| 9 (RLIN) | 9600 |
| 650 #4 - ASIENTO SECUNDARIO DE MATERIA - TERMINO TEMATICO | |
| Término de materia o nombre geográfico como elemento de entrada | Teoría de la información |
| 9 (RLIN) | 17 |
| 905 ## - TIPO DE MATERIAL | |
| Tipo de material | Libro |
| Estado de retiro | Estado de pérdida | Fuente del sistema de clasificación o colocación | Estado dañado | No para préstamo | Código de colección | Localización permanente | Ubicación/localización actual | Ubicación en estantería | Fecha de adquisición | Clasificación | Código de barras | Fecha visto por última vez | Número de copia | Tipo de ítem Koha | Total de préstamos |
|---|---|---|---|---|---|---|---|---|---|---|---|---|---|---|---|
| Library of Congress Classification | Coleccion Esp. | Colección Especial | Bib. Gregorio Torres Quintero | Bib. Gregorio Torres Quintero | Colección Especial | 02/05/2023 | Z674.4 P4.3 | 15955 | 31/12/2020 | 1 | Libro | ||||
| Library of Congress Classification | Coleccion Esp. | Colección Especial | Bib. Gregorio Torres Quintero | Bib. Gregorio Torres Quintero | Colección Especial | 02/05/2023 | Z674.4 P4.3 | 9584 | 31/12/2020 | 1 | Libro | ||||
| Library of Congress Classification | Coleccion Esp. | Colección Especial | Bib. Gregorio Torres Quintero | Bib. Gregorio Torres Quintero | Colección Especial | 02/05/2023 | Z674.4 P4.3 | 15954 | 31/12/2020 | 1 | Libro | ||||
| Library of Congress Classification | Coleccion Esp. | Colección Especial | Bib. Gregorio Torres Quintero | Bib. Gregorio Torres Quintero | Colección Especial | Z674.4 P4.3 | 15953 | 31/12/2020 | 1 | Libro | |||||
| Library of Congress Classification | Coleccion Esp. | Colección Especial | Bib. Gregorio Torres Quintero | Bib. Gregorio Torres Quintero | Colección Especial | Z674.4 P4.3 | 9583 | 31/12/2020 | 1 | Libro |
